Statistics for Famous Authors and their Books Quiz

Click here to take the quiz!

General Stats

  • This quiz has been taken 257 times
  • The average score is 9 of 15

Answer Stats

Book Author % Correct
Harry PotterJ K Rowling
95%
HamletWilliam Shakespeare
86%
Great ExpectationsCharles Dickens
82%
To Kill A MockingbirdHarper Lee
77%
The Great GatsbyF Scott Fitzgerald
64%
The Chronicles of NarniaCS Lewis
63%
Green Eggs and HamDr Seuss
62%
The ShiningStephen King
62%
James and the Giant PeachRoald Dahl
62%
The Fellowship of the RingJRR Tolkien
61%
The Old Man and the SeaErnest Hemingway
58%
Alice's Adventures in WonderlandLewis Carroll
57%
James BondIan Fleming
53%
The Three MusketeersAlexandre Dumas
35%
UnbrokenLaura Hillenbrand
4%

Score Distribution

Percentile by Number Answered

Percent of People with Each Score

Your Score History

You have not taken this quiz